000 00453nmm a2200157Ia 4500
008 251105s9999||||xx |||||||||||||||||und||
020 _a9788468790947
041 _aspa
100 _aShowalter, Gena
245 0 _aEl tormento más oscuro
264 _a[Madrid, España] :
_bHarlequin,
_c[Fecha de publicación no identificada]
300 _a0 páginas
650 _aRomance
856 _uhttps://public.digitaliapublishing.com/a/95512
942 _cCF
999 _c84592
_d84592